Príčiny neúspechu manažéra v zahraničí
Firma sa rozhodne pre rozšírenie svojho podnikania v zahraničí. Vyberie manažérov. Podľa prieskumov sa zameriava hlavne na technické a riadiace schopnosti. Zanedbáva ich schopnosť prispôsobiť sa, etnocentrizmus, odolnosť rodiny. Výsledkom je často neúspech zahraničnej misie.
Uložené v:
| Hlavný autor: | |
|---|---|
| Médium: | Kapitola |
| Jazyk: | Slovak |
| Predmet: | |
| Tagy: |
Žiadne tagy, Buďte prvý, kto otaguje tento záznam!
|
MARC
| LEADER | 00000naa$a2200000$$$4500 | ||
|---|---|---|---|
| 001 | 0093321 | ||
| 005 | 20240502072035.6 | ||
| 041 | 0 | |a slo | |
| 044 | |a SK | ||
| 245 | 1 | 0 | |a Príčiny neúspechu manažéra v zahraničí |c Ivana Hudáková |
| 520 | |a Firma sa rozhodne pre rozšírenie svojho podnikania v zahraničí. Vyberie manažérov. Podľa prieskumov sa zameriava hlavne na technické a riadiace schopnosti. Zanedbáva ich schopnosť prispôsobiť sa, etnocentrizmus, odolnosť rodiny. Výsledkom je často neúspech zahraničnej misie. | ||
| 610 | 2 | 0 | |a firmy |
| 610 | 2 | 0 | |a manažéri |
| 610 | 2 | 0 | |a schopnosti pracovné |
| 610 | 2 | 0 | |a riadenie |
| 100 | 1 | |a Hudáková, Ivana, 1976- | |